Engineering for embankment dams / (Record no. 532636)
[ view plain ]
| 000 -LEADER | |
|---|---|
| fixed length control field | 01172cam a22003377a 4500 |
| 001 - CONTROL NUMBER | |
| control field | 11763066 |
| 003 - CONTROL NUMBER IDENTIFIER | |
| control field | NUST |
| 005 - DATE AND TIME OF LATEST TRANSACTION | |
| control field | 20191127100634.0 |
| 008 - FIXED-LENGTH DATA ELEMENTS--GENERAL INFORMATION | |
| fixed length control field | 990719s1995 vtua tb 000 0 eng d |
| 010 ## - LIBRARY OF CONGRESS CONTROL NUMBER | |
| LC control number | 99227609 |
| 020 ## - INTERNATIONAL STANDARD BOOK NUMBER | |
| International Standard Book Number | 9054102799 |
| 035 ## - SYSTEM CONTROL NUMBER | |
| System control number | (DLC) 99227609 |
| 038 ## - RECORD CONTENT LICENSOR | |
| Staff Name | MSOHAIL |
| 040 ## - CATALOGING SOURCE | |
| Original cataloging agency | AFM |
| Transcribing agency | AFM |
| Modifying agency | DLC |
| 042 ## - AUTHENTICATION CODE | |
| Authentication code | lccopycat |
| 050 00 - LIBRARY OF CONGRESS CALL NUMBER | |
| Classification number | TC543 |
| Item number | .E53 1995 |
| 082 00 - DEWEY DECIMAL CLASSIFICATION NUMBER | |
| Classification number | 627.83 |
| Edition number | 21 |
| 100 ## - MAIN ENTRY--PERSONAL NAME | |
| Personal name | Bharat Singh |
| 9 (RLIN) | 26264 |
| 245 00 - TITLE STATEMENT | |
| Title | Engineering for embankment dams / |
| Statement of responsibility, etc. | [edited by] Bharat Singh, R.S. Varshney, with contributions by B.G. Verghese, M.C. Goel and Ram Pal Singh. |
| 260 ## - PUBLICATION, DISTRIBUTION, ETC. | |
| Place of publication, distribution, etc. | Brookfield, VT : |
| Name of publisher, distributor, etc. | A.A. Balkema Publishers, |
| Date of publication, distribution, etc. | 1995. |
| 300 ## - PHYSICAL DESCRIPTION | |
| Extent | xiii, 732 p. : |
| Other physical details | ill. ; |
| Dimensions | 24 cm. |
| 504 ## - BIBLIOGRAPHY, ETC. NOTE | |
| Bibliography, etc. note | Includes references. |
| 650 #0 - SUBJECT ADDED ENTRY--TOPICAL TERM | |
| Topical term or geographic name entry element | Earth dams |
| General subdivision | Design and construction. |
| 9 (RLIN) | 26265 |
| 650 #0 - SUBJECT ADDED ENTRY--TOPICAL TERM | |
| Topical term or geographic name entry element | Embankments |
| General subdivision | Design and construction. |
| 9 (RLIN) | 26266 |
| 700 1# - ADDED ENTRY--PERSONAL NAME | |
| Personal name | Singh, Bharat. |
| 9 (RLIN) | 26267 |
| 700 1# - ADDED ENTRY--PERSONAL NAME | |
| Personal name | Varshney, R. S. |
| 9 (RLIN) | 26268 |
| 906 ## - LOCAL DATA ELEMENT F, LDF (RLIN) | |
| a | 7 |
| b | cbc |
| c | copycat |
| d | 3 |
| e | ncip |
| f | 19 |
| g | y-gencatlg |
| 942 ## - ADDED ENTRY ELEMENTS (KOHA) | |
| Source of classification or shelving scheme | |
| Koha item type | Book |
| Withdrawn status | Lost status | Source of classification or shelving scheme | Damaged status | Not for loan | Permanent Location | Current Location | Date acquired | Total Checkouts | Full call number | Barcode | Date last seen | Price effective from | Koha item type |
|---|---|---|---|---|---|---|---|---|---|---|---|---|---|
| School of Civil and Environmental Engineering (SCEE) | School of Civil and Environmental Engineering (SCEE) | 11/27/2019 | 627.83 | NIT-12483 | 11/27/2019 | 11/27/2019 | Book |
